La nueva distribución funcional del ingreso en la Argentina (Registro nro. 16386)

Detalles MARC
000 -LEADER
fixed length control field 00350 a2200109 4500
001 - CONTROL NUMBER
control field ART_3434
005 - DATE AND TIME OF LATEST TRANSACTION
control field 20260410161714.0
008 - FIXED-LENGTH DATA ELEMENTS--GENERAL INFORMATION
fixed length control field 260409a
100 1# - MAIN ENTRY--PERSONAL NAME
Personal name Orsatti, Alvaro
245 10 - TITLE STATEMENT
Title La nueva distribución funcional del ingreso en la Argentina
773 0# - HOST ITEM ENTRY
Title Desarrollo económico
Related parts - Vol. 23, Nº 91 (oct./dic. 1983)
Record control number REV1174

No hay ítems disponibles.